Poda de la vid
সংরক্ষণ করুন:
| প্রধান লেখক: | , , |
|---|---|
| অন্যান্য লেখক: | , |
| বিন্যাস: | গ্রন্থ |
| ভাষা: | স্প্যানিশ |
| প্রকাশিত: |
Santiago
INIA
1977
|
| মালা: | Frutales y Viñas
|
| বিষয়গুলি: | |
| ট্যাগগুলো: |
ট্যাগ যুক্ত করুন
কোনো ট্যাগ নেই, প্রথমজন হিসাবে ট্যাগ করুন!
|
MARC
| LEADER | 00000nam a2200000 a 4500 | ||
|---|---|---|---|
| 001 | UCR3043 | ||
| 003 | CL-VaPUC | ||
| 008 | 980123e19770000CL |||||||||||||||||spa|d | ||
| 082 | 0 | 4 | |a 634.8 |b BUS |2 21 |
| 100 | 0 | |a Busquets P., Emilio |e author |9 401791 | |
| 700 | 1 | |a Lavín Acevedo, Arturo |e autor |9 530488 | |
| 700 | |a Muñoz Honorato, Iván |e autor |9 530490 | ||
| 700 | 0 | |a Sepúlveda R., Gonzalo |e author |9 401794 | |
| 700 | 0 | |a Valenzuela Barnech, Jorge |e author |9 401795 | |
| 245 | 1 | 0 | |a Poda de la vid |
| 300 | |a 19 h | ||
| 942 | |c BK | ||
| 945 | |d 19980123 00:00:00 |a jquezada | ||
| 260 | |a Santiago |b INIA |c 1977 | ||
| 650 | 0 | |a Frutas |9 259500 | |
| 650 | 0 | |a Uva |9 401796 | |
| 650 | 0 | |a Viñas |9 365101 | |
| 650 | 0 | |a Poda |9 259686 | |
| 650 | 7 | |a PODA INVERNAL |2 CL-VaPUC |9 401797 | |
| 650 | 0 | |a Poda de verano |9 401798 | |
| 583 | |a last modification |c 19980123 00:00:00 |k Rodrigo Vera | ||
| 490 | 0 | |a Frutales y Viñas | |
| 999 | |c 266155 |d 266153 | ||